000 00396nam a2200157 a 4500
001 0572
005 20140414131917.0
008 040201s19uu xx 00 eng d
020 _a1-55782-003-1
050 _aER
_bL72
100 _aKubick, Dana
245 _aLittle teddies on a picnic /
_cDana Kubick.
260 _aHolland :
_bWarner books,
_c1988.
300 _ap. ; cm.
999 _c111549
_d111549